<?xml version="1.0" encoding="UTF-8"?>
<marc:record xmlns:marc="http://www.loc.gov/MARC21/slim">
   <marc:leader>00000nam a2200000 a 4500</marc:leader>
   <marc:datafield ind1="1" ind2=" " tag="100">
      <marc:subfield code="a">Hjorth, Michael</marc:subfield>
      <marc:subfield code="4">aut</marc:subfield>
      <marc:subfield code="e">Verfasser/-in</marc:subfield>
   </marc:datafield>
   <marc:datafield ind1="1" ind2=" " tag="100">
      <marc:subfield code="a">Allenstein, Ursel</marc:subfield>
      <marc:subfield code="4">trl</marc:subfield>
      <marc:subfield code="e">Übersetzer/-in</marc:subfield>
   </marc:datafield>
   <marc:datafield ind1=" " ind2=" " tag="653">
      <marc:subfield code="a">Krimi</marc:subfield>
   </marc:datafield>
   <marc:datafield ind1="0" ind2="0" tag="245">
      <marc:subfield code="a">Die Menschen, die es nicht verdienen</marc:subfield>
   </marc:datafield>
   <marc:datafield ind1="0" ind2="0" tag="245">
      <marc:subfield code="b">Kriminalroman</marc:subfield>
   </marc:datafield>
   <marc:datafield ind1="0" ind2="0" tag="245">
      <marc:subfield code="c">Hjorth &amp; Rosenfeldt. Aus dem Schwed. von Ursel Allenstein</marc:subfield>
   </marc:datafield>
   <marc:datafield ind1=" " ind2="1" tag="264">
      <marc:subfield code="a">Reinbek bei Hamburg</marc:subfield>
      <marc:subfield code="b">Wunderlich</marc:subfield>
      <marc:subfield code="c">2015</marc:subfield>
   </marc:datafield>
   <marc:datafield ind1=" " ind2=" " tag="250">
      <marc:subfield code="a">1. Aufl.</marc:subfield>
   </marc:datafield>
   <marc:datafield ind1="1" ind2=" " tag="520">
      <marc:subfield code="a">Gerade noch hatte Mirre den Erfolg vor Augen, jetzt ist der Fernsehstar tot. Hingerichtet, mit einem Bolzenschuss in den Kopf. Seine Leiche findet man in einem Klassenzimmer, an einen Stuhl gefesselt, einen Fragebogen auf den Rücken geheftet. Mirres Leistung: mangelhaft. Er hat nicht bestanden. Und sein Tod ist nur der Anfang. &lt;br/&gt;Während Kommissar Höglund von der Reichsmordkommission nach Spuren in Mirres Umfeld sucht, stößt Kriminalpsychologe Sebastian Bergman auf eine andere Fährte. Jemand spottet über die fehlende Bildung von Menschen, die im Rampenlicht stehen. Die Vorbildfunktion haben sollten, aber keine Vorbilder sind. Die ihren Erfolg nicht verdienen. &lt;br/&gt;Sebastian will den Mörder aus der Reserve locken und ihn mit seinen eigenen Mitteln schlagen. Ein tödlicher Fehler … (Verlagstext)</marc:subfield>
   </marc:datafield>
   <marc:datafield ind1=" " ind2=" " tag="020">
      <marc:subfield code="a">9783805250870</marc:subfield>
      <marc:subfield code="9">9783805250870</marc:subfield>
   </marc:datafield>
   <marc:datafield ind1=" " ind2=" " tag="041">
      <marc:subfield code="a">ger</marc:subfield>
   </marc:datafield>
   <marc:datafield ind1="0" ind2=" " tag="490">
      <marc:subfield code="v">5</marc:subfield>
   </marc:datafield>
   <marc:datafield ind1="1" ind2=" " tag="521">
      <marc:subfield code="a">0</marc:subfield>
   </marc:datafield>
   <marc:datafield ind1=" " ind2=" " tag="300">
      <marc:subfield code="a">537 S.</marc:subfield>
   </marc:datafield>
</marc:record>
